000
00313nam a22001337a 4500
020
_a
81-7490-043-8
082
_a
823
_b
DHI/O
100
_a
DHINGRA PUBLISHING HOUSE
245
_a
ONCE UPON A TIME
260
_a
DELHI
_b
DHINGRA PUBLISHING HOUSE
300
_a
56
650
_a
ENGLISH SHORT STORY
_z
DELHI
942
_c
BK
999
_c
3584
_d
3584